Ensayo bibliográfico de ediciones ilustradas de Don Quijote de la Mancha (Record no. 3973)
[ view plain ]
| 000 -CABECERA | |
|---|---|
| campo de control de longitud fija | 01416nam a2200289 a 4500 |
| 001 - NÚMERO DE CONTROL | |
| campo de control | BRCA_4262 |
| 005 - FECHA Y HORA DE LA ÚLTIMA TRANSACCIÓN | |
| campo de control | 20190320204615.0 |
| 008 - DATOS DE LONGITUD FIJA--INFORMACIÓN GENERAL | |
| campo de control de longitud fija | 150610s1948----sp-a######---#000-0#spa-# |
| 041 ## - CÓDIGO DE LENGUA | |
| Código de lengua del texto/banda sonora o título independiente | spa |
| 044 ## - CÓDIGO DEL PAÍS DE LA ENTIDAD EDITORA/PRODUCTORA | |
| Código MARC del país | sp |
| 050 #4 - SIGNATURA TOPOGRÁFICA DE LA BIBLIOTECA DEL CONGRESO | |
| Número de clasificación | Z8158 |
| Número de documento/Ítem | .A74 1948 |
| 100 1# - ENTRADA PRINCIPAL--NOMBRE DE PERSONA | |
| Nombre de persona | Areny Batlle, Ramón |
| 9 (RLIN) | 10990 |
| 245 10 - MENCIÓN DE TÍTULO | |
| Título | Ensayo bibliográfico de ediciones ilustradas de Don Quijote de la Mancha |
| Resto del título | precedido del catálogo de las que figuraron en la exposición celebrada en el Palacio de la Pahería del 17 al 22 de junio |
| Mención de responsabilidad, etc. | por Ramón Areny Batlle y Domingo Roch Sevina ; nota proemial de José Carrera Cejudo. |
| 260 ## - PUBLICACIÓN, DISTRIBUCIÓN, ETC. | |
| Lugar de publicación, distribución, etc. | Lerida, España |
| Nombre del editor, distribuidor, etc. | Leridana |
| Fecha de publicación, distribución, etc. | 1948 |
| 300 ## - DESCRIPCIÓN FÍSICA | |
| Extensión | xiv, 167 p. |
| Otras características físicas | il. |
| Dimensiones | 25 cm. |
| 440 #0 - MENCIÓN DE SERIE/PUNTO DE ACCESO ADICIONAL--TÍTULO | |
| Título | Patronato del VI centenario de Cervantes: comisión provincial de Lerida |
| 9 (RLIN) | 10991 |
| 500 ## - NOTA GENERAL | |
| Nota general | Incluye índice de ilustradores y grabadores, índice de láminas y ediciones a que corresponden |
| 500 ## - NOTA GENERAL | |
| Nota general | Incluye catálogo de las ediciones de Don Quijote de la Mancha que figuraron en la exposición celebrada en el Palacio de la Pahería 17-12 junio, [1948] |
| 500 ## - NOTA GENERAL | |
| Nota general | Estado físico: Lomo desprendido |
| 500 ## - NOTA GENERAL | |
| Nota general | AM75 |
| 600 14 - PUNTO DE ACCESO ADICIONAL DE MATERIA--NOMBRE DE PERSONA | |
| Nombre de persona | Cervantes Saavedra, Miguel de |
| Fechas asociadas al nombre | 1547-1616 |
| Subdivisión de forma | Bibliografía |
| 9 (RLIN) | 7606 |
| 650 14 - PUNTO DE ACCESO ADICIONAL DE MATERIA--TÉRMINO DE MATERIA | |
| Término de materia o nombre geográfico como elemento de entrada | Literatura española |
| Subdivisión de forma | Bibliografía |
| Subdivisión cronológica | 1500-1700 |
| 9 (RLIN) | 10992 |
| 700 1# - PUNTO DE ACCESO ADICIONAL--NOMBRE DE PERSONA | |
| Nombre de persona | Roch Sevina, Domingo |
| Término indicativo de función/relación | Coautor |
| 9 (RLIN) | 10993 |
| 700 1# - PUNTO DE ACCESO ADICIONAL--NOMBRE DE PERSONA | |
| Nombre de persona | Carrera Cejudo, José |
| Término indicativo de función/relación | Prologuista |
| 9 (RLIN) | 10994 |
| 902 ## - CATALOGADOR | |
| Iniciales | GFM |
| 942 ## - ELEMENTOS DE PUNTO DE ACCESO ADICIONAL (KOHA) | |
| Fuente del sistema de clasificación o colocación | Library of Congress Classification |
| Tipo de ítem Koha | Libros |
| Estado de retiro | Estado de pérdida | Estado dañado | No para préstamo | Localización permanente | Ubicación/localización actual | Fecha de adquisición | Número de inventario | Total de préstamos | Signatura topográfica completa | Código de barras | Fecha visto por última vez | Precio válido a partir de | Tipo de ítem Koha |
|---|---|---|---|---|---|---|---|---|---|---|---|---|---|
| El ejemplar forma parte de la colección y puede ser consultado según las políticas vigentes. | Biblioteca del Museo Franz Mayer (Rogerio Casas-Alatriste) | Biblioteca del Museo Franz Mayer (Rogerio Casas-Alatriste) | 15/06/2010 | AM75 | Z8158 .A74 1948 (AM75) | 4259 | 22/03/2019 | 22/03/2019 | Libros |